Stands, public order, and political contestation the Latin American stadium as a site of mobilization and control (2000-2023) = Gradas, orden público y disputa política: el estadio latinoamericano como escenario de movilización y control (2000-2023) : [abstract] /

Elmentve itt :
Bibliográfiai részletek
Szerző: González del Castillo Javier
Testületi szerző: VI. South America International Conference
Dokumentumtípus: Könyv része
Megjelent: Hispanisztika Alapítvány Szeged 2026
Sorozat:South America International Conference 6
Kulcsszavak:Biztonságpolitika - Latin-Amerika - 21. sz. - előadáskivonat
Tárgyszavak:
Online Access:http://acta.bibl.u-szeged.hu/90126
LEADER 01140naa a2200229 i 4500
001 acta90126
005 20260330153451.0
008 260330s2026 hu o 100 eng d
020 |a 978-963-688-099-6 
040 |a SZTE Egyetemi Kiadványok Repozitórium  |b hun 
041 |a eng 
041 |a spa 
100 2 |a González del Castillo Javier 
245 1 0 |a Stands, public order, and political contestation  |h [elektronikus dokumentum] :  |b the Latin American stadium as a site of mobilization and control (2000-2023) = Gradas, orden público y disputa política: el estadio latinoamericano como escenario de movilización y control (2000-2023) : [abstract] /  |c  González del Castillo Javier 
260 |a Hispanisztika Alapítvány  |b Szeged  |c 2026 
300 |a 35 
490 0 |a South America International Conference  |v 6 
650 4 |a Társadalomtudományok 
650 4 |a Politikatudomány 
695 |a Biztonságpolitika - Latin-Amerika - 21. sz. - előadáskivonat 
711 |a VI. South America International Conference  |c Budapest  |d 2026. február 27-28. 
856 4 0 |u http://acta.bibl.u-szeged.hu/90126/1/south_america_ic_006_035.pdf  |z Dokumentum-elérés